Normal view
MARC view
- Radio reciver design
Entry Topical Term
001 - CONTROL NUMBER
- control field: 105648
003 - CONTROL NUMBER IDENTIFIER
- control field: NUST
005 - DATE AND TIME OF LATEST TRANSACTION
- control field: 20221222121911.0
008 - FIXED-LENGTH DATA ELEMENTS
- fixed length control field: 221222|| aca||aabn | a|a d
040 ## - CATALOGING SOURCE
- Original cataloging agency: NUST
- Transcribing agency: NUST
150 ## - HEADING--TOPICAL TERM
- Topical term or geographic name entry element: Radio reciver design
670 ## - SOURCE DATA FOUND
- Source citation: Work cat.: (NUST)183500: K. R. Sturley 105647, Radio reciver design Part.1 /, 1953
